[Event "AUTO-OPEN-352"]
[Site "http://www.queenalice.com/game.php?id=94117"]
[Date "2006.8.9"]
[Round "1"]
[White "cabalbarreto"]
[Black "foxtrot"]
[Result "0-1"]
[WhiteElo "1177"]
[BlackElo "1571"]

1. e4 c6 2. d4 d5 3. Bd3 dxe4 4. Bxe4 Nf6 5. Nc3 g6 6. Nf3 Nxe4 7. Nxe4 Bg7 8.
O-O Bg4 9. Be3 O-O 10. h3 Bxf3 11. Qxf3 Nd7 12. Ng5 Nf6 13. Rad1 h6 14. Ne4 Nxe4
15. Qxe4 Qc7 16. d5 cxd5 17. Rxd5 Bxb2 18. Bxh6 Bg7 19. Bg5 Rac8 20. Rc1 e6 21.
Rd3 b5 22. Bf4 Qc4 23. Bd6 Qxe4 24. Re3 Qa4 25. Rd1 Rfd8 26. Red3 Qxa2 27. R1d2
Rxc2 28. Rd1 Rxf2 29. Ra3 Rxg2+ 30. Kf1 Qe2# 0-1

[Event "AUTO-INT-151"]
[Site "http://www.queenalice.com/game.php?id=100126"]
[Date "2006.8.27"]
[Round "1"]
[White "xavimg"]
[Black "foxtrot"]
[Result "1/2-1/2"]
[WhiteElo "1478"]
[BlackElo "1590"]

1. e4 c6 2. Nf3 d5 3. e5 Bg4 4. d4 e6 5. h3 Bxf3 6. Qxf3 Nd7 7. Nc3 c5 8. dxc5
Bxc5 9. Bb5 Ne7 10. O-O O-O 11. Qg3 Nf5 12. Qf4 Nd4 13. Be3 Nxb5 14. Nxb5 Bxe3
15. Qxe3 Qa5 16. Nd4 Rac8 17. c3 Rc4 18. Nb3 Qa6 19. Nd4 f6 20. exf6 Rxf6 21. b3
Rc8 22. b4 e5 1/2-1/2

[Event "AUTO-INT-151"]
[Site "http://www.queenalice.com/game.php?id=100127"]
[Date "2006.8.27"]
[Round "1"]
[White "foxtrot"]
[Black "xavimg"]
[Result "0-1"]
[WhiteElo "1501"]
[BlackElo "1494"]

1. e4 e6 2. d4 Nc6 3. Nf3 b6 4. d5 exd5 5. exd5 Qe7+ 6. Be2 Nb4 7. O-O Nf6 8.
Nc3 Bb7 9. Re1 O-O-O 10. Bg5 h6 11. Ba6 Nxa6 12. Rxe7 Bxe7 13. Bxf6 Bxf6 14. Nd4
Nb4 15. Ndb5 Bxc3 16. Nxc3 f5 17. a3 Na6 18. Qh5 f4 19. Qg6 Rhg8 20. Re1 Bxd5
21. Nxd5 Kb8 22. Re7 d6 23. Nxf4 Nc5 24. Rxg7 Rge8 25. g3 Re1+ 0-1

[Event "AUTO-INT-151"]
[Site "http://www.queenalice.com/game.php?id=100140"]
[Date "2006.8.27"]
[Round "1"]
[White "joek"]
[Black "foxtrot"]
[Result "0-1"]
[WhiteElo "1476"]
[BlackElo "1494"]

1. e4 e6 2. d4 d5 3. e5 c5 4. Nf3 Nc6 5. Bb5 Bd7 6. c3 Nxe5 7. Bxd7+ Nxd7 8. Bf4
Ngf6 9. O-O cxd4 10. cxd4 Rc8 11. Nc3 Be7 12. Qa4 a6 13. Ne5 O-O 14. Rfe1 Nxe5
15. dxe5 Rc4 16. Qb3 Rxf4 17. exf6 Bxf6 18. Qxb7 Qd6 19. Rec1 Rb8 20. Qa7 Bd4
21. Rf1 Bxa7 0-1

[Event "AUTO-INT-151"]
[Site "http://www.queenalice.com/game.php?id=100141"]
[Date "2006.8.27"]
[Round "1"]
[White "foxtrot"]
[Black "joek"]
[Result "1-0"]
[WhiteElo "1274"]
[BlackElo "1536"]

1. d4 d5 2. c4 dxc4 3. e3 Be6 4. Na3 Nf6 5. Nxc4 Nc6 6. Nf3 Bg4 7. Be2 e6 8. O-O
Bd6 9. h3 Bh5 10. Nxd6+ Qxd6 11. Qb3 O-O-O 12. Bd2 h6 13. Rac1 Ne4 14. Rfd1 Nxd2
15. Rxd2 g5 16. Rdc2 f6 17. Ba6 1-0

[Event "AUTO-INT-151"]
[Site "http://www.queenalice.com/game.php?id=100150"]
[Date "2006.8.27"]
[Round "1"]
[White "foxtrot"]
[Black "lsdr"]
[Result "0-1"]
[WhiteElo "1572"]
[BlackElo "1405"]

1. e4 e5 2. Nf3 Nf6 3. Nxe5 Bc5 4. Bc4 O-O 5. d4 Bb4+ 6. c3 Ba5 7. Bd3 d6 8. Nf3
b5 9. O-O Nh5 10. Bxb5 c6 11. Bd3 Bg4 12. Re1 Nd7 13. h3 Be6 14. e5 f5 15. exd6
Bd5 16. Bg5 Bxf3 17. Bxd8 Bxd1 18. Bxa5 Ba4 19. Bc4+ Kh8 20. Re7 Ndf6 21. d7 c5
0-1

[Event "AUTO-INT-151"]
[Site "http://www.queenalice.com/game.php?id=100151"]
[Date "2006.8.27"]
[Round "1"]
[White "lsdr"]
[Black "foxtrot"]
[Result "1-0"]
[WhiteElo "1428"]
[BlackElo "1456"]

1. e4 e5 2. Qf3 Nf6 3. d4 exd4 4. Bc4 Nc6 5. Bf4 Bb4+ 6. c3 dxc3 7. bxc3 Be7 8.
Na3 Bxa3 9. Rd1 d6 10. e5 Bg4 11. Qe3 O-O 12. f3 Bd7 13. exf6 Re8 14. Be6 Rxe6
15. Nh3 Rxe3+ 16. Bxe3 Qxf6 17. Rd3 Bxh3 18. gxh3 Qxf3 19. Kd2 Qxh1 20. c4 Bc1+
21. Kc2 Nb4+ 22. Kc3 1-0

[Event "AUTO-INT-3688"]
[Site "http://www.queenalice.com/game.php?id=1765287"]
[Date "2021.7.25"]
[Round "1"]
[White "Josecso2007"]
[Black "foxtrot"]
[Result "1-0"]
[WhiteElo "1934"]
[BlackElo "1546"]

1. e4 c6 2. Nf3 d5 3. exd5 Qxd5 4. Nc3 Qa5 5. h3 Bf5 6. Bc4 e6 7. O-O Nf6 8. d4
Bd6 9. Re1 O-O 10. Bd2 Qc7 11. Ne5 Nbd7 12. Bf4 Rad8 13. Qc1 c5 14. Nb5 Qb6 15.
Nxd6 1-0

[Event "AUTO-INT-3688"]
[Site "http://www.queenalice.com/game.php?id=1765288"]
[Date "2021.7.25"]
[Round "1"]
[White "foxtrot"]
[Black "Josecso2007"]
[Result "1-0"]
[WhiteElo "1602"]
[BlackElo "1937"]

1. d4 g6 2. e4 Bg7 3. c4 c6 4. Nf3 e6 5. Be2 d6 6. O-O h6 7. Nc3 Ne7 8. Be3 Bd7
9. Qd2 Ng8 10. b3 a5 11. h3 Qc7 12. Rad1 Na6 13. c5 dxc5 14. dxc5 Ne7 15. Bd4
Rg8 16. Bxg7 Rxg7 17. Bxa6 Rxa6 18. Ne5 Bc8 19. Nc4 Ng8 20. Nd6+ Ke7 21. e5 Ra8
22. Nce4 b6 23. cxb6 Qb8 24. Nf6 Nxf6 25. exf6+ Kxf6 26. Ne8+ Ke7 27. Qd8+ 1-0

[Event "AUTO-INT-3688"]
[Site "http://www.queenalice.com/game.php?id=1765307"]
[Date "2021.7.25"]
[Round "1"]
[White "foxtrot"]
[Black "zmanomega"]
[Result "1-0"]
[WhiteElo "1496"]
[BlackElo "1499"]

1. e4 e5 2. Nf3 d6 3. d4 Nc6 4. d5 Nb4 5. Bd2 Nf6 6. Bxb4 Nxe4 7. Nc3 Nxc3 8.
Bxc3 f6 9. Be2 g5 10. g4 Bxg4 11. Qd2 h6 12. O-O-O Qd7 13. Rhg1 Bh5 14. Nxe5 Qa4
15. Bxh5+ Kd8 16. Nf7+ Kd7 17. Nxh8 Qxa2 18. Qe3 c6 19. Qe6+ Kc7 20. Nf7 Kb6 21.
Nxd6 Rd8 22. Nc8+ Kb5 23. Be2+ Ka4 24. Qe4+ 1-0

[Event "AUTO-INT-3688"]
[Site "http://www.queenalice.com/game.php?id=1765308"]
[Date "2021.7.25"]
[Round "1"]
[White "zmanomega"]
[Black "foxtrot"]
[Result "0-1"]
[WhiteElo "1499"]
[BlackElo "1523"]

1. e4 e5 2. d4 exd4 3. c3 dxc3 4. Bc4 cxb2 5. Bxb2 Bb4+ 6. Nc3 Nf6 7. Bxf7+ Kxf7
8. Ne2 Nxe4 9. Qb3+ Ke8 10. Qxb4 Nxc3 11. Bxc3 Nc6 12. Qe4+ Qe7 13. Qc4 d6 14.
O-O Be6 15. Qf4 Kd7 16. Rad1 Rae8 17. Be5 Nxe5 18. Qxe5 Bc4 19. Qf5+ Qe6 20.
Qxe6+ Rxe6 21. Rde1 Bxe2 22. Rb1 Bxf1 23. Rxf1 Re2 24. h3 Rhe8 25. f3 Re1 0-1

[Event "AUTO-INT-3689"]
[Site "http://www.queenalice.com/game.php?id=1765864"]
[Date "2021.8.1"]
[Round "1"]
[White "Castling"]
[Black "foxtrot"]
[Result "0-1"]
[WhiteElo "1679"]
[BlackElo "1576"]

1. e4 c6 2. Bc4 d5 3. exd5 cxd5 4. Bb5+ Bd7 5. Nc3 e6 6. a3 Bxb5 7. Nxb5 a6 8.
Nc3 Nf6 9. h3 Bd6 10. d4 O-O 11. Bg5 Nbd7 12. Nf3 h6 13. Bh4 Rc8 14. Qe2 Qb6 15.
Rb1 Rxc3 16. O-O Rc7 17. Ne5 Bxe5 18. dxe5 Ne4 19. Be7 Rfc8 20. c3 Nxe5 21. Qe3
Qxe3 22. fxe3 Rxe7 23. Rf4 g5 24. Rff1 Nd2 0-1

[Event "AUTO-INT-3689"]
[Site "http://www.queenalice.com/game.php?id=1765865"]
[Date "2021.8.1"]
[Round "1"]
[White "foxtrot"]
[Black "Castling"]
[Result "1-0"]
[WhiteElo "1545"]
[BlackElo "1690"]

1. e4 e5 2. d4 d6 3. dxe5 dxe5 4. Qxd8+ Kxd8 5. Nc3 a6 6. Be3 Bd6 7. O-O-O Nf6
8. Nf3 h6 9. Nxe5 Ke7 10. Nf3 Nfd7 11. Be2 Ne5 12. Nxe5 Bxe5 13. Nd5+ Ke6 14. f4
Bd6 15. e5 1-0